000 00460nam a22001817a 4500
005 20251204143726.0
008 220120b ||||| |||| 00| 0 eng d
020 _a978-81-7739-575-4
041 _aeng
082 _a612 JAI-T
100 _aJAIN, A.K
_96972
245 _aTEXTBOOK OF PHYSIOLOGY [ VOL-2]
250 _a9TH, ED
260 _aNEW DELHI
_bAVICHAL PUBLISHING COMPANY
300 _a1061;p
650 _aBPT/PARAMEDICAL
_xBMIRT
_98846
942 _cBK
999 _c7856
_d7854